As Tic (s) e suas importâncias no ambiente de aprendizagem (Record no. 74168)

MARC details
000 -LÍDER
campo de controle de tamanho fixo 00431 a2200157 4500
001 - NÚMERO DE CONTROLE
campo de controle 74168
020 ## - ISBN - INTERNATIONAL STANDARD BOOK NUMBER
ISBN - International Standard Book Number 9788560753079
040 ## - FONTE DA CATALOGAÇÃO
Instituição que transcreveu o registro Anchieta - Colégio São Paulo
100 ## - ENTRADA PRINCIPAL--NOME PESSOAL
Nome pessoal Oliveira Wilton Silva
240 10 - TÍTULO UNIFORME
Título uniforme As Tic (s) e suas importâncias no ambiente de aprendizagem
Idioma da obra por
245 10 - TÍTULO
Título As Tic (s) e suas importâncias no ambiente de aprendizagem
300 ## - DESCRIÇÃO FÍSICA
Extensão 86
362 0# - DATAS DE PUBLICAÇÃO E/OU DESIGNAÇÃO SEQUENCIAL
Datas de publicação e/ou designação sequencial 2008
650 #4 - ASSUNTO--TERMO TÓPICO
Cabeçalho tópico ou nome geográfico Educação
942 ## - ELEMENTOS DE ENTRADA ADICIONADOS (KOHA)
Tipo de material Koha Livros
Holdings
Situação do descarte Situação das perdas Situação física Não pode ser emprestado Biblioteca de origem Biblioteca atual Data de aquisição Total de empréstimos Número de chamada completo Código de barras Data de último acesso Data do preço efetivo Tipo de material Koha
        Colégio São Paulo Colégio São Paulo 22/11/2023   370 O481t 4670/CSP 22/11/2023 22/11/2023 Livros